000
00234nam a2200097Ia 4500
008
240331s9999 xx 000 0 und d
082
_b
JAY
100
_a
Jayawardena, K
245
4
_a
The feminist challenge in the 18th century
942
_c
L
999
_c
1913
_d
1913